Представление документа в формате RUSMARC

ПолеНазваниеЗначение
  Тип записи a
  Библиографический уровень m
001 Контрольный номер RU/IS/BASE/287238812
005 Дата корректировки 20221003155714.0
010 Индекс ISBN __
a ISBN 978-5-7793-1354-4
d Цена 177-65; 203-41
101 Язык документа 0_
a Язык текста rus
c Язык оригинала rus
200 Заглавие и сведения об ответственности 1_
a Заглавие Загадки дальних дорог
f Первые сведения об ответственности Светлана Лаврова
b Общее обозначение материала Текст
210 Выходные данные 1_
a Место издания М.
c Издательство Белый город
d Дата издания 2008
215 Физическое описание __
a Объем 48 с.
225 Серия 2_
a Серия Энциклопедия тайн и загадок
330 Аннотация __
a Аннотация О путешествиях и путешественниках по всем материкам земного шара.
606 Тематические рубрики __
a Основная рубрика География
606 Тематические рубрики __
a Основная рубрика Страноведение
610 Ключевые слова 0_
a Ключевые слова история путешествий; путешествия; история транспорта; путешественники; географические открытия; дороги; мосты
686 Индексы других классификаций __
a Классификационный индекс ст26.89(0)я2
700 Автор _1
a Фамилия Лаврова
b Имя С. А.
4 Код отношения 070
801 Источник записи _0
a Страна RU
b Организация Муниципальное бюджетное учреждение культуры "Централизованная библиотечная система" г. Сургут (Центральная городская библиотека им. А. С. Пушкина)
g Правила каталогизации КиК/Елгина
801 Источник записи _1
a Страна RU
b Организация Муниципальное бюджетное учреждение культуры "Централизованная библиотечная система" г. Сургут (Центральная городская библиотека им. А. С. Пушкина)
g Правила каталогизации КиК/Елгина
852 Данные о местонахождении __
j Шифр хранения ст26.89(0)я2
c Каталожный индекс ст26.89(0)я2
i Авторский знак Л 13
901 Тип документа __
t Тип документа m
903 Характеристики (МАРС) __
a Дата передачи 20090210
990 Данные о заказе (DOS) __
j Количество экземпляров (DOS) 2; 7
t N записи в КСУ для И/У (DOS) 200902